Library of the University of Algiers 3
Ibrahim Sultan Cheibout
شعار جامعة الجزائر 3
مكتبة جامعة الجزائر 3
إبراهيم سلطان شيبوط

صيغ عقود الشركات / (رقم التسجيلة. 42250)

تفاصيل مارك
000 -LEADER
fixed length control field 01409nam a2200205Ia 4500
003 - CONTROL NUMBER IDENTIFIER
control field Ost
005 - DATE AND TIME OF LATEST TRANSACTION
control field 20260507075019.0
008 - FIXED-LENGTH DATA ELEMENTS--GENERAL INFORMATION
fixed length control field 260507s9999||||xx |||||||||||||| ||und||
040 ## - CATALOGING SOURCE
Transcribing agency fsecg
041 ## - LANGUAGE CODE
Language code of text/sound track or separate title ara
082 ## - DEWEY DECIMAL CLASSIFICATION NUMBER
Classification number 338.7
100 ## - MAIN ENTRY--PERSONAL NAME
Personal name التهامي، محمد عبد الكريم
Relator term مؤلف
245 #0 - TITLE STATEMENT
Title صيغ عقود الشركات /
Statement of responsibility, etc. محمد عبد الكريم التهامي
260 ## - PUBLICATION, DISTRIBUTION, ETC.
Place of publication, distribution, etc. [دون مكان]:
Name of publisher, distributor, etc. دار الإسراء,
Date of publication, distribution, etc. 2003
300 ## - PHYSICAL DESCRIPTION
Extent 258 صفحة؛
Other physical details إيضاحات ؛
Dimensions 24 سم
520 ## - SUMMARY, ETC.
Summary, etc. نموذج للعقد الإبتدائي والنظام الأساسي للشركة المساهمة-نموذج للعقد الإبتدائي والنظام الأساسي لشركة توصية بالأسهم-نموذج لعقد تأسيس شركة ذات مسؤولية محدودة-نموذج العقد الإبتدائي للشركة القابضة التي يشترك في تأسيسها أكثر من شخص اعتباري-نماذج عقود شركات الأشخاص-الإجراءات العملية لتوثيق عقود الشركات طبقا لتعليمات الشهر العقاري-اجراءات تسجل عقود الشركات المحكمة-الغرفة التجارية-يجب قراءة هذا الباب قبل القيام بتحرير عقد من عقود الشركات
653 ## - INDEX TERM--UNCONTROLLED
Uncontrolled term الشركات
653 ## - INDEX TERM--UNCONTROLLED
Uncontrolled term العقود
942 ## - ADDED ENTRY ELEMENTS (KOHA)
Koha item type كتب
المقتنيات
Withdrawn status Lost status Source of classification or shelving scheme Damaged status Not for loan Home library Current library Date acquired Serial enumeration / chronology Inventory number Total checkouts Full call number Barcode Date last seen Price effective from Koha item type
    Dewey Decimal Classification   Available مكتبة كلية العلوم الإقتصادية والعلوم التجارية وعلوم التسيير مكتبة كلية العلوم الإقتصادية والعلوم التجارية وعلوم التسيير 07/05/2026 الطابق الأرضي 46055   أ/02ن2 46055 07/05/2026 07/05/2026 كتب
    Dewey Decimal Classification   Available مكتبة كلية العلوم الإقتصادية والعلوم التجارية وعلوم التسيير مكتبة كلية العلوم الإقتصادية والعلوم التجارية وعلوم التسيير 07/05/2026 الطابق الأرضي 46056   أ/02ن3 46056 07/05/2026 07/05/2026 كتب
    Dewey Decimal Classification   Available مكتبة كلية العلوم الإقتصادية والعلوم التجارية وعلوم التسيير مكتبة كلية العلوم الإقتصادية والعلوم التجارية وعلوم التسيير 07/05/2026 الطابق الثاني 46057   أ/02ن4 46057 07/05/2026 07/05/2026 كتب

موارد الويب المفتوحة


© University of Algiers 3 All Rights Reserved
|
Implemented by LECHELAH Riad